Catholic University of Zimbabwe Library
Online Public Access Catalogue
(OPAC)

China after Mao. (Record no. 1370)

MARC details
000 -LEADER
fixed length control field 00492nam a22001932 4500
001 - CONTROL NUMBER
control field 0000001457
005 - DATE AND TIME OF LATEST TRANSACTION
control field 20170406113442.0
008 - FIXED-LENGTH DATA ELEMENTS--GENERAL INFORMATION
fixed length control field 140113s xx 000 0 eng d
020 ## - INTERNATIONAL STANDARD BOOK NUMBER
Terms of availability $
040 ## - CATALOGING SOURCE
Original cataloging agency Your Holding Symbol
Transcribing agency Your Holding Symbol
100 1# - MAIN ENTRY--PERSONAL NAME
Personal name Evans,Leslie.
245 10 - TITLE STATEMENT
Title China after Mao.
250 ## - EDITION STATEMENT
Edition statement ed.
260 ## - PUBLICATION, DISTRIBUTION, ETC.
Place of publication, distribution, etc. new york :
Name of publisher, distributor, etc. Monad press,
Date of publication, distribution, etc. 1978.
300 ## - PHYSICAL DESCRIPTION
Extent 191 p. ;
Dimensions cm.
504 ## - BIBLIOGRAPHY, ETC. NOTE
Bibliography, etc. note index.
650 #0 - SUBJECT ADDED ENTRY--TOPICAL TERM
Topical term or geographic name entry element china and mao.
908 ## - PUT COMMAND PARAMETER (RLIN)
Put command parameter 140113
Holdings
Withdrawn status Lost status Source of classification or shelving scheme Damaged status Not for loan Home library Current library Shelving location Date acquired Total Checkouts Full call number Barcode Date last seen Price effective from Koha item type
          CUZ Harare Campus CUZ Harare Campus Open Shelf 06.04.2017   DS 779.2 E92 BK0001794 22.05.2025 06.04.2017 OS Book

OPENING HOURS

Weekdays: 0815hrs - 1800hrs
Weekends:0900hrs - 1200hrs

Closed for Mass:

Mon, Thur: 1200hrs - 1300hrs
Sunday & Public Holiday’s

CALL SUPPORT

0242-570570, 0242-570169
09200664, +263 8644140602

LOCATION

18443, Cranborne Avenue, Hatfield, Harare

Other Links


©2021 | CUZ Library